ბათუმის შოთა რუსთაველის სახელმწიფო უნივერსიტეტის ბიბლიოთეკა

ალექსანდრე ალადაშვილი : (ბიბ.ჩანაწერი № 62044)

000 -ლიდერი
ფიქსირებული სიგრძის საკონტროლო ველი 01007nam a22002057a 4500
003 - საკონტროლო ნომრის იდენტიფიკატორი
საკონტროლო ველი Ge_BSU
005 - ბოლო ოპერაციის თარიღი და დრო
საკონტროლო ველი 20240626171115.0
008 - ფიქსირებული სიგრძის მონაცემთა ელემენტები - ზოგადი ინფორმაცია
ფიქსირებული სიგრძის საკონტროლო ველი 240626s1976 ge ||||| |||| 00| 0 geo d
041 ## - ენის კოდი
Language code of text/sound track or separate title geo
080 ## - უნივერსალური ათობითი კლასიფიკაციის ინდექსი
Universal Decimal Classification number 61(479.22)(092) ბ-37
100 ## - მთავარი ჩანაწერი - პიროვნების სახელი
Personal name ბახტაძე, გივი
9 (RLIN) 19727
245 ## - ცნობა სათაურის შესახებ
Title ალექსანდრე ალადაშვილი :
Remainder of title [ცხოვრება და მოღვაწეობა] /
Statement of responsibility, etc გივი ბახტაძე, ვლადიმერ გერსამია.
264 ## - წარმოების, გამოცემის, დისტრიბუციის და სხვა ცნობები
გამოცემის, წარმოების, დისტრიბუციის... ადგილი თბ. :
გამოცემის, წარმოების, დისტრიბუციის... სახელწოდება საბჭ. საქართველო,
გამოცემის, წარმოების, დისტრიბუციის... თარიღი 1976.
300 ## - ფიზიკური აღწერა
Extent 187 გვ. :
Other physical details 4 ფ. ილ. ;
Dimensions 20 სმ.
653 ## - INDEX TERM--UNCONTROLLED
Uncontrolled term ალადაშვილი, ალექსანდრე
653 ## - INDEX TERM--UNCONTROLLED
Uncontrolled term ქართველი ექიმები
700 ## - ADDED ENTRY--PERSONAL NAME
Personal name გერსამია, ვლადიმერ
Relator term ავტორი
9 (RLIN) 22601
700 ## - ADDED ENTRY--PERSONAL NAME
Personal name ფალიანი, ე.
Relator term რედაქტორი
9 (RLIN) 4048
942 ## - ADDED ENTRY ELEMENTS (KOHA)
Source of classification or shelving scheme
Koha item type წიგნი
ეგზემპლარები
ჩამოწერის სტატუსი დაკარგული ეგზემპლარის სტატუსი კლასიფიკაციის წყარო ან თაროზე გაწყობის სქემა დაზიანების სტატუსი არ გაიცემა მუდმივი მდებარეობა (დაცვის ადგილი) ამჟამინდელი ადგილსამყოფელი თაროზე განთავსების ადგილი შეძენის თარიღი ღირებულება, შესყიდვის ნორმალური ფასი სრული შენახვის შიფრი შტრიხკოდი ბოლო ოპერაციის თარიღი ეგზემპლარის მიმდევრობითი ნომერი (კეტერი?) ფასის ძალაში შესვლის თარიღი ეგზემპლარის სახეობა საჯარო შენიშვნა
          ბათუმის შოთა რუსთაველის სახელმწიფო უნივერსიტეტის მთავარი ბიბლიოთეკა ბათუმის შოთა რუსთაველის სახელმწიფო უნივერსიტეტის მთავარი ბიბლიოთეკა წიგნსაცავი 2024-06-26 1.80 61(479.22)(092) ბ-37 68363 2024-06-26 68363 2024-06-26 წიგნი 1 ლ. 80 თ.